Musiker an Spitznamen erkennen - Statistiken

Allgemein
  • Dieses Quiz wurde 397 mal gespielt
  • Das Durchschnittsergebnis liegt bei 6 aus 12
Antwortstatistiken
Hint Antwort % Korrekt
King of Pop Michael Jackson
95%
Slim Shady Eminem
86%
Pop-Titan Dieter Bohlen
73%
Queen of Pop Madonna
71%
König von Mallorca Jürgen Drews
58%
Mr. Worldwide Pitbull
57%
Mother Monster Lady Gaga
26%
Prince of Darkness Ozzy Osbourne
25%
His Bobness Bob Dylan
18%
Slowhand Eric Clapton
18%
Der Spatz von Avignon Mireille Mathieu
16%
Ol’ Blue Eyes Frank Sinatra
9%
Keine übereinstimmenden Quizze gefunden
Verteilung der Resultate
Anzahl Personen mit jedem Resultat
Perzentil nach korrekt beantworteten Fragen
Ihre Resultats-Entwicklung
Sie haben dieses Quiz noch nicht gespielt